000 02303cam a2200649 i 4500
001 xx005181178
003 NUKAT
005 20260414121708.0
008 210729s2021 pl a |000 0dpol c
020 _a9788395175725
_q(oprawa twarda)
035 _a(OCoLC)1259579198
035 _a(NUKAT)xx005181178
040 _aPOZN U/JJ
_bpol
_erda
_cPOZN U/JJ
_dPOZN U/AnK
_dWR U/MBs
_dOLSZT 008/bak
045 2 _bd1250
_bd2020
046 _k2021
099 _atn_1330442
100 1 _aŁapo, Jerzy Marek
_d(1971- ).
_eAutor
_916192
245 1 0 _aSztynort :
_bblaski i cienie : przewodnik kulturowy /
_cnapisał Jerzy Łapo.
260 _aSztynort ;
_aGiżycko :
_bVMA Wzorcownia,
_c2021.
300 _a250, [6] stron :
_bilustracje ;
_c25 cm.
336 _aTekst
_btxt
_2rdacontent
336 _aObraz
_bsti
_2rdacontent
337 _aBez urządzenia pośredniczącego
_bn
_2rdamedia
338 _aWolumin
_bnc
_2rdacarrier
380 _aAlbumy i książki artystyczne
380 _aKsiążki
380 _aPublikacje popularnonaukowe
388 1 _a2001-
504 _aBibliografia na stronach 207-213.
600 3 7 _aLehndorffowie
_c(rodzina)
_2DBN
_936948
600 3 7 _aLehndorff
_c(rodzina).
_2kaba
_939987
648 7 _a1201-1300
_2DBN
_936031
648 7 _a1301-1400
_2DBN
_935871
648 7 _a1401-1500
_2DBN
_936030
648 7 _a1501-1600
_2DBN
_936032
648 7 _a1601-1700
_2DBN
_936034
648 7 _a1701-1800
_2DBN
_936035
648 7 _a1801-1900
_2DBN
_936037
648 7 _a1901-2000
_2DBN
_934996
648 7 _a2001-
_2DBN
_936393
650 7 _aArystokracja
_2DBN
_936513
650 7 _aJeziora
_2DBN
_939988
650 7 _aRody
_2DBN
_935884
650 7 _aZamki i pałace
_2DBN
_937001
650 7 _aZbiory prywatne
_2DBN
_939989
650 7 _aŻeglarstwo
_2DBN
_939990
651 7 _aSztynort (woj. warmińsko-mazurskie, pow. węgorzewski, gm. Węgorzewo)
_2DBN
_936953
651 7 _aSztynort (Polska)
_xhistoria.
_2kaba
_939991
651 7 _aSztynort (Polska)
_vbiografie.
_2kaba
_939992
651 7 _aSztynort (Polska)
_xzabytki.
_2kaba
_939993
655 7 _aOpracowanie
_2DBN
_935024
655 7 _aPublikacja bogato ilustrowana
_2DBN
_935165
658 _aHistoria
710 2 _aVMA Wzorcownia.
_eWydawca
_4pbl
_939986
920 _a978-83-951757-2-5 (oprawa twarda)
942 _2ddc
_cBK_NM
999 _c27573
_d27573